Estados do Brasil - Morte súbita - Statistics

Estatísticas Gerais
  • Esse quiz foi jogado 418 vezes
  • A pontuação média é 14 de 15
Answers on the Grid
Answers color-coded by a green-red scale on the quiz's grid according to % correct below.
Cisplatine
Minas Gerais
Grão Pará
Amazonas
Ponta Porã
Iguaçu
Rio Grande do Norte
São Paulo
Misiones
Acre
Santa Catarina
Rondônia
Uruguay
Chaco
Canindeyú
Santa Cruz
Roraima
Ucayali
Mato Grosso
Alagoas
Apure
Sergipe
Pernambuco
Pando
Beni
Guyana
Rio Grande do Sul
Tocantins
Salta
Paraná
 
Estatísticas das Respostas
Resposta % Correto
Minas Gerais
98%
São Paulo
96%
Rio Grande do Norte
94%
Santa Catarina
94%
Amazonas
93%
Rio Grande do Sul
93%
Acre
92%
Mato Grosso
92%
Paraná
92%
Pernambuco
92%
Rondônia
91%
Roraima
91%
Sergipe
91%
Tocantins
91%
Alagoas
90%
Nenhum quiz correspondente encontrado
Distribuição das Pontuações
Porcentagem de Pessoas com Cada Pontuação
Percentil de Números Respondidos
Sua Pontuação Histórica
Você não jogou esse quiz